Derecho urbanístico (Record no. 118533)

MARC details
000 -LEADER
campo de control de longitud fija 00441nam a2200145 4500
001 - NÚMERO DE CONTROL
campo de control 118533
003 - IDENTIFICADOR DE NÚMERO DE CONTROL
campo de control ES-MaACL
007 - CAMPO FIJO DE DESCRIPCIÓN FÍSICA--INFORMACIÓN GENERAL
campo de control de longitud fija t|
008 - DATOS DE LONGITUD FIJA--INFORMACIÓN GENERAL
campo de control de longitud fija 070214s1986 ag r ||||1| spa d
100 1# - ENTRADA PRINCIPAL--NOMBRE DE PERSONA
Nombre de persona Parejo Alfonso, Luciano.
9 (RLIN) 89071
245 10 - MENCIÓN DEL TÍTULO
Título Derecho urbanístico
Resto del título : instituciones básicas /
Mención de responsabilidad, etc. Luciano Parejo Alfonso.
260 ## - PUBLICACIÓN, DISTRIBUCIÓN, ETC.
Lugar de publicación, distribución, etc. Mendoza :
Nombre del editor, distribuidor, etc. ed. Ciudad Argentina,
Fecha de publicación, distribución, etc. 1986.
300 ## - DESCRIPCIÓN FÍSICA
Extensión 684 p. ;
Dimensiones 22 cm.
852 ## - LOCALIZACIÓN
Ubicación ES-MaACL
Número de control de estantería L-9647
Sublocalización o colección R.111823
Holdings
Estatus retirado Estado de pérdida Estado de daño No para préstamo Biblioteca de origen Biblioteca actual Ubicación en estantería Fecha de adquisición Fuente de adquisición Total de préstamos Signatura topográfica completa Código de barras Visto por última vez Precio de reemplazo Tipo de ítem Koha
        Biblioteca del Ateneo de Madrid Biblioteca del Ateneo de Madrid Depósito 2 17/01/2008     L-9647 1123569 23/02/2023 23/02/2023 Libro impreso